000
00307nam a2200121Ia 4500
005
20260328104251.0
008
260328s9999||||xx |||||||||||||| ||und||
100
_a
Zambrano Molina, Félix
245
0
_a
Expresión /
_c
Félix Zambrano Molina
300
_a
113 p.
650
_a
DISEÑO INDUSTRIAL
942
_c
BK
999
_c
10246
_d
10246